The RTI act: A critical assessment (Record no. 84932)

000 -LEADER
fixed length control field 01134pab a2200169 454500
008 - FIXED-LENGTH DATA ELEMENTS--GENERAL INFORMATION
fixed length control field 180718b2009 xxu||||| |||| 00| 0 eng d
100 ## - MAIN ENTRY--PERSONAL NAME
Personal name Mukhopadhyay, Asok Kumar
245 ## - TITLE STATEMENT
Title The RTI act: A critical assessment
260 ## - PUBLICATION, DISTRIBUTION, ETC.
Date of publication, distribution, etc. 2009
300 ## - PHYSICAL DESCRIPTION
Extent p.434-454.
362 ## - DATES OF PUBLICATION AND/OR SEQUENTIAL DESIGNATION
Dates of publication and/or sequential designation Jul-Sep
520 ## - SUMMARY, ETC.
Summary, etc. It is time to move from a culture of secrecy to a culture of transparency and also to promote awareness about the Right to Information Act, particularly among the masses with cooperation of one and also. Meaningful participation of people in major issues impacting their lives is now a key component of the democratic governance and such participation can hardly be effective unless people have information about the way government business is transacted. Nurturing the desire to develop democratic regime is the need of the hour. The RTI movement in India is an ongoing process and to be successful it needs to ally with strategic partners in politics, government, media and people's organisations. - Reproduced.
650 ## - SUBJECT ADDED ENTRY--TOPICAL TERM
Topical term or geographic name entry element Right to information
773 ## - HOST ITEM ENTRY
Main entry heading Indian Journal of Public Administration
908 ## - PUT COMMAND PARAMETER (RLIN)
Put command parameter N
909 ## -
-- 84932
Holdings
Withdrawn status Lost status Damaged status Not for loan Permanent Location Current Location Date acquired Serial Enumeration / chronology Barcode Date last seen Price effective from Koha item type
        Indian Institute of Public Administration Indian Institute of Public Administration 2018-07-19 Volume no: 55, Issue no: 3 AR85392 2018-07-19 2018-07-19 Articles

Powered by Koha